| 000 | 00662nam a22002177a 4500 | ||
|---|---|---|---|
| 999 |
_c16550 _d16550 |
||
| 003 | AR-CdUCM | ||
| 008 | 190503b ||||| |||| 00| 0 spa d | ||
| 040 |
_aMUNICIPALIDAD PROVINCIAL DEL CUSCO _cBIBLIOTECA MUNICIPAL DEL CUSCO |
||
| 082 |
_a869.3 / _bG79 |
||
| 100 |
_aGrey, Zane _936055 |
||
| 245 | _aEl caballo salvaje / | ||
| 260 |
_aSantiago de Chile : _bCultura : _c1933. |
||
| 300 |
_a140 paginas ; _c20 cm. |
||
| 440 |
_aColeccion audacia _nN° 29 _936056 |
||
| 505 | _aContenido : Novela | ||
| 650 |
_aNovela Chilena _99974 |
||
| 650 |
_aLiteratura latinoamericana _91143 |
||
| 650 |
_aChile _91150 |
||
| 942 |
_2ddc _cLIBROS |
||
| 945 |
_awnts _d2019-05-3 |
||